Compiler construction (Record no. 173425)

000 -LEADER
fixed length control field 00331nam a2200133Ia 4500
008 - FIXED-LENGTH DATA ELEMENTS--GENERAL INFORMATION
fixed length control field 220217s9999||||xx |||||||||||||| ||und||
020 ## - INTERNATIONAL STANDARD BOOK NUMBER
International Standard Book Number 0333-90406-0
082 ## - DEWEY DECIMAL CLASSIFICATION NUMBER
Classification number 005.453 DHA
100 ## - MAIN ENTRY--PERSONAL NAME
Personal name Dhamdhere
245 #0 - TITLE STATEMENT
Title Compiler construction
260 ## - PUBLICATION, DISTRIBUTION, ETC.
Place of publication, distribution, etc. Macmillan
Name of publisher, distributor, etc. Delhi
Date of publication, distribution, etc. 2003
300 ## - PHYSICAL DESCRIPTION
Other physical details 195
650 ## - SUBJECT ADDED ENTRY--TOPICAL TERM
Topical term or geographic name entry element Operating systems
Holdings
Withdrawn status Lost status Damaged status Not for loan Collection code Home library Current library Shelving location Date acquired Full call number Barcode Date last seen Price effective from Koha item type
        Computer Science and Engineering Central Library Central Library Book Cart 02/18/2022 005.453 DHA 8614 02/18/2022 02/18/2022 Books

Powered by Koha